Normal view
MARC view
- الاقتصاد الاسلامي
Entry Topical Term
001 - CONTROL NUMBER
- control field: 28156
003 - CONTROL NUMBER IDENTIFIER
- control field: JO-AjAnu
005 - DATE AND TIME OF LATEST TRANSACTION
- control field: 20230606074756.0
008 - FIXED-LENGTH DATA ELEMENTS
- fixed length control field: 230606|| aca||aabn | a|a d
040 ## - CATALOGING SOURCE
- Original cataloging agency: JO-AjAnu
- Transcribing agency: JO-AjAnu
150 ## - HEADING--TOPICAL TERM
- Topical term or geographic name entry element: الاقتصاد الاسلامي
670 ## - SOURCE DATA FOUND
- Source citation: Work cat.: (JO-AjAnu)14453: البطاينة، ابراهيم محمد ؛ زينب نوري الغريري, author 28155, النظرية الإقتصادية في الإسلام = Economic Theory in Islam